000 00751nai a2200205Ia 4500
003 IN-BaIIA
008 211028c9999 xx s 000 0 eng d
022 _a0196-2892 (Print)
022 _a1558-0644 (Online)
040 _cIIA Library
245 0 _aIEEE Transactions on Geoscience and Remote Sensing
_h[eJournal]
260 _aNew York, USA
_bThe Institute of Electrical and Electronics Engineers, Inc. (IEEE)
310 _aMonthly
362 _aGE-18(1); 1980 - Present
521 _bSubscribed through National Knowledge Resource Consortium (NKRC)
650 _a Signal Processing and Analysis
_948813
650 _aGeoscience
856 _uhttps://ieeexplore.ieee.org/servlet/opac?punumber=36
_yClick Here to Access eJournal
942 _cEJ
999 _c34674
_d34674